Introductory electronic devices and circuits / (Record no. 193474)

000 -LEADER
fixed length control field 01450 a2200253 4500
003 - CONTROL NUMBER IDENTIFIER
control field Nust
005 - DATE AND TIME OF LATEST TRANSACTION
control field 20220810084413.0
010 ## - LIBRARY OF CONGRESS CONTROL NUMBER
LC control number 96021803
020 ## - INTERNATIONAL STANDARD BOOK NUMBER
International Standard Book Number 013235912X (case)
040 ## - CATALOGING SOURCE
Transcribing agency Nust
082 00 - DEWEY DECIMAL CLASSIFICATION NUMBER
Classification number 621.381,PAY
100 1# - MAIN ENTRY--PERSONAL NAME
Personal name Paynter, Robert T.
9 (RLIN) 56289
245 10 - TITLE STATEMENT
Title Introductory electronic devices and circuits /
Statement of responsibility, etc. Robert T. Paynter.
250 ## - EDITION STATEMENT
Edition statement 4th ed.
260 ## - PUBLICATION, DISTRIBUTION, ETC.
Place of publication, distribution, etc. Upper Saddle River, NJ :
Name of publisher, distributor, etc. Prentice Hall,
Date of publication, distribution, etc. c1997.
300 ## - PHYSICAL DESCRIPTION
Extent xxiv, 1026 p. :
Other physical details ill. (some col.) ;
Dimensions 29 cm.
505 ## - FORMATTED CONTENTS NOTE
Formatted contents note Fundamental solid-state principles (Page-1), Diodes (Page-20), Common diodes applications (Page-74), Special diodes applications (Page-174), Bipolar junction transistors (Page-202), Biasing circuits (Page-238), Introduction to amplifiers (Page-284), Common emitters amplifiers (Page-322), Other BJT amplifiers (Page-376), Power amplifiers (Page-412), Field -effect transistors (Page-472), MOSFETs (Page-536), Operational amplifiers (Page-620), Additional op-amp applications (Page-686), Tuned amplifiers (Page-724), Oscillators (Page-786), Solid-state switching circuits (Page-816), Thermistors and optoelectronic devices (Page-872), Discrete and integrated voltage regulators (Page-924).
650 #0 - SUBJECT ADDED ENTRY--TOPICAL TERM
Topical term or geographic name entry element Electronic apparatus and appliances.
9 (RLIN) 10193
650 #0 - SUBJECT ADDED ENTRY--TOPICAL TERM
Topical term or geographic name entry element Electronic circuits.
650 #0 - SUBJECT ADDED ENTRY--TOPICAL TERM
Topical term or geographic name entry element Telecommunication Engineering.
650 #0 - SUBJECT ADDED ENTRY--TOPICAL TERM
Topical term or geographic name entry element Transistor amplifiers.
9 (RLIN) 96678
700 1# - ADDED ENTRY--PERSONAL NAME
Personal name Paynter, Robert T.
9 (RLIN) 56289
942 ## - ADDED ENTRY ELEMENTS (KOHA)
Koha item type Reference
Source of classification or shelving scheme
Holdings
Withdrawn status Lost status Source of classification or shelving scheme Damaged status Not for loan Permanent Location Current Location Shelving location Date acquired Full call number Barcode Date last seen Price effective from Koha item type Public note
          Military College of Signals (MCS) Military College of Signals (MCS) Reference 12/12/2016 621.381,PAY MCS26485 12/08/2016 12/12/2016 Reference Almirah No.21, Shelf No.1
© 2023 Central Library, National University of Sciences and Technology. All Rights Reserved.